000 00306nam a2200145Ia 4500
008 230605s2000 xx 000 0 und d
041 _aeng
245 _aFinancial management
260 _bZerox Copy
_c2000
300 _a65
365 _b36.96
500 _a94
520 _aGeneral
650 _aA.C.
999 _c418231
_d418231